000 00860cab a2200265 4500
001 ABS57930
008 090401t1997 xxu||||| |||| 00| 0 eng d
035 _a(Sirsi) u82373
041 _aeng
100 _aBennett, J.
245 _aPFI(4): Lessons learned from the first local government schemes
260 _c1997
350 _a0
490 _aSolicitors` Journal
_v141(44) 21 November 1997, 1110-1111(2)
520 _aOffers guidance on how to approach a PFI project in local government, concentrating on several issues which emerged from the first local authority projects.
650 _aLOCAL AUTHORITIES
650 _aLOCAL GOVERNMENT
650 _aPFI
650 _aPRIVATE FINANCE INITIATIVE
690 _aPROPERTY-PROPERTY FINANCE AND INVESTMENT
700 _aHann, R.
700 _aCirell, S.
942 _n0
948 _c27/11/1997
999 _c51994
_d51994